Relazioni fra Italia e Stati Uniti: presente e futuro

Guardat en:
Dades bibliogràfiques
Autor principal: Volpe, John A (Autor)
Format: Llibre
Idioma:italià
Publicat: Roma Banco di Roma 1974
Matèries:
Etiquetes: Afegir etiqueta
Sense etiquetes, Sigues el primer a etiquetar aquest registre!

MARC

LEADER 00000nam a2200000 a 4500
001 UCP9675
003 CL-VaPUC
008 000331e19740000IT |||||||||||||||||ita|d
082 0 4 |a 327.45073  |b VOL  |2 21 
100 0 |a Volpe, John A  |e author  |9 440407 
245 1 0 |a Relazioni fra Italia e Stati Uniti: presente e futuro 
300 |a 36 p 
942 |c BK 
945 |d 20000331 00:00:00  |a crobeson 
260 |a Roma  |b Banco di Roma  |c 1974 
650 0 |a Relaciones Internacionales  |9 255740 
650 0 |a Discursos   |9 265028 
651 0 |a Italia  |9 254949 
651 0 |a Estados Unidos  |9 255178 
583 |a last modification  |c 20000331 00:00:00  |k Rodrigo Vera 
999 |c 286463  |d 286461 
952 |0 0  |1 0  |4 0  |6 327_450730000000000_VOL_1974  |7 0  |8 A  |9 332416  |a BIBHIS  |b BIBHIS  |d 2019-11-20  |i 1397974  |o 327.45073 VOL 1974  |p 1397974  |r 2025-01-20  |w 2019-11-20  |y BK  |k HIS